| 000 | 00968nam a2200241Ia 4500 | ||
|---|---|---|---|
| 003 | CO-CtgCURN | ||
| 005 | 20250408180304.0 | ||
| 008 | 190722s9999 xx 000 0 und d | ||
| 020 | _a9586352625 | ||
| 040 |
_aCO-CtgCURN _bspa _ccoctgcurn |
||
| 082 |
_a341.762 _bZ35 |
||
| 100 | _aZapata Lugo, Jose Vicente | ||
| 245 | 0 |
_aDesarrollo sostenible : _bmarco para la ley internacional sobre el Medio Ambiente, legislacion y lineamientos internacionales / _cJose Vicente Zapata Lugo |
|
| 260 |
_aBogotá, Colombia : _bLibreria Ediciones del Profesional, _c1997 |
||
| 300 |
_a191 páginas ; _c22 centímetros |
||
| 521 | _aAREA PROFESIONAL | ||
| 590 | _aPrograma de Derecho_18 | ||
| 650 | _aDerecho internacional público | ||
| 942 |
_cBK _h341.762 _iZ35 _2ddc _n0 |
||
| 999 |
_c28280 _d28280 |
||